Training of civil defence general , rescue and tactical instructors (Record no. 428767)

000 -LEADER
fixed length control field 00381cam a22001097a 4500
008 - FIXED-LENGTH DATA ELEMENTS--GENERAL INFORMATION
fixed length control field 180718b1953 xxu||||| |||| 00| 0 eng d
082 ## - DEWEY DECIMAL CLASSIFICATION NUMBER
Classification number K5x42 Un3d/6
245 ## - TITLE STATEMENT
Title Training of civil defence general , rescue and tactical instructors
Statement of responsibility, etc. by Home Office, United Kingdom
260 ## - PUBLICATION, DISTRIBUTION, ETC.
Place of publication, distribution, etc. London
Name of publisher, distributor, etc. Her Majesty's Stationery Office
Date of publication, distribution, etc. 1953
300 ## - PHYSICAL DESCRIPTION
Extent 26p.
700 ## - ADDED ENTRY--PERSONAL NAME
Personal name United Kingdom. Home Office
Holdings
Withdrawn status Lost status Damaged status Not for loan Permanent Location Current Location Date acquired Full call number Barcode Date last seen Price effective from Koha item type
        Indian Institute of Public Administration Indian Institute of Public Administration 2009-12-16 K5x42 Un3d/6 6210 2018-07-21 2018-07-21 Book

Powered by Koha